1071 1117 1661 1050 1944 1952 1863 1564 1902 1050 1642 1197 1641 1870 1830 1034 1394 1129 1700 1564 1698 1926 1803 1832 1696 1970 1306 1118 1971 1038 1444 1702 1225 1894 1012 1568 1974 1271 1984 1481 1984 1016 1618 1236 1123 1390 1348 1407 1924 1499 1758 1646 1560 1508 1019 1223 1439 1293 1375 1647 1805 1067 1128 1728 1774 1989 1293 1263 1552 1397 1760 1576 1861 1256 1398 1735 1940 1357 1275 1121 1311 1581 1745 1458 1614 1869 1476 1572 1313 1571 1731 1916 1106 1739 1356 1431 1970 1271 1856 BCNSPRNW ULIB Ver.6.0+V

เปลี่ยนเป็นภาษาไทย

Change to English
 แสดงรายละเอียดบรรณานุกรม
  กลับหน้าหลัก

Brief Record : Get Marc (ISO 2709) : E-mail record : QR code < ปิดหน้าต่าง
LEADER : 00000nam 2200000uu 4500
001    13399125842
003     ULIB
008    020711s2017 th a 000 0 eng d
020    ^a9780826131577
060    ู^aWY100^bH-E
100    ^aHickey, Joanne V.
245    ^aEvaluation of Health Care Quality for DNPs/^cHickey, Joanne V.
250    ^a2nd ed
260    ^aNew York :^bSpringer Publishing Company,^c2017
300    ^a320 pages;^c26 cm
650    ^aNursing audit
650  0 ^aMedical care-Evaluation
945    ^p2397^l0^i003224
999    ^aประนอม เกษจรัล
รายการนี้ยังไม่มีแท็ก
คุณยังไม่ได้ล็อกอิน คุณสามารถมีกิจกรรมร่วมกับเว็บไซต์ได้ แต่ต้องล็อกอินก่อน ::
  ล็อกอิน

รายการสื่อสารสนเทศ

ลำดับที่ ประเภท เลขเรียก/บาร์โค้ด สถานที่ สถานะ
1. หนังสือสำรอง
หนังสือสำรอง
ู WY100 H-E ฉ.1 
  Barcode: 003224
ห้องสมุดวิทยาเขตสวรรค์ประชารักษ์
►หนังสือทั่วไป
บนชั้น

รายการใกล้เคียง
    หัวเรื่อง [Nursing audit]

BibComment


ยังไม่เคยถูกคอมเมนท์

คอมเมนท์ทรัพยากรรายการนี้
  คอมเมนท์: Evaluation of He..


 Copyright 2026. Bcnsprnw @Library